Markov processes : characterization and convergence

Αποθηκεύτηκε σε:
Λεπτομέρειες βιβλιογραφικής εγγραφής
Κύριος συγγραφέας: Ethier, Stewart N. 1948-
Άλλοι συγγραφείς: Kurtz, Thomas G.
Μορφή: Βιβλίο
Γλώσσα:English
Δημοσίευση: New York : Wiley, c1986
Σειρά:Wiley series in probability and mathematical statistics
Θέματα:
Ετικέτες: Προσθήκη ετικέτας
Δεν υπάρχουν, Καταχωρήστε ετικέτα πρώτοι!

MARC

LEADER 00000cam a2200000 i 4500
001 1/34596
008 941103s1986 eng d
020 |a 0471081868  |c $49.95 (est.) 
035 |l 10039697 
035 |a 1991  |c ΜΑΡΑΣ 
040 |a GR-MY-UA  |b gre  |e aacr 
041 0 |a eng 
082 0 |a 519.233  |2 (19) 
100 1 |a Ethier, Stewart N.  |d 1948- 
245 1 0 |a Markov processes :  |b characterization and convergence /  |c Stewart N. Ethier and Thomas G. Kurtz 
260 |a New York :   |b Wiley,   |c c1986 
300 |a x, 534 p.;  |c 24 cm 
490 1 |a Wiley series in probability and mathematical statistics 
500 |a Includes index 
504 |a Bibliography: p. 508-519 
650 0 0 |a Markov processes. 
700 1 |a Kurtz, Thomas G. 
830 0 |a Wiley series in probability and mathematical statistics 
852 |a INST  |b SAMOS  |e 19941103  |h 519.233 ETH  |p 005300004478  |q 005300004478  |t BK  |y 0 
909 |a Σ  |b 019902